Easternmost Countries A-Z - Statistics

General Stats
  • This quiz has been taken 3,672 times
    3,653 since last reset
  • The average score is 20 of 24
Answer Stats
Country % Correct
A Australia
93%
J Japan
93%
Y Yemen
92%
O Oman
91%
Q Qatar
91%
Z Zimbabwe
90%
F Fiji
89%
C China
88%
I Indonesia
88%
R Russia
88%
T Tuvalu
88%
V Vanuatu
88%
K Kiribati
87%
N New Zealand
84%
L Laos
82%
M Marshall Islands
82%
S Solomon Islands
81%
E East Timor
77%
B Brunei
76%
U United States
67%
P Papua New Guinea
66%
H Hungary
64%
D Djibouti
61%
G Georgia
52%
No matching quizzes found
Score Distribution
Percent of People with Each Score
Percentile by Number Answered
Your Score History
You have not taken this quiz since the last reset